| 000 | 00585nam a2200181Ia 4500 | ||
|---|---|---|---|
| 008 | 151202s9999||||xx |||||||||||||| ||und|| | ||
| 082 | _bPNVM-33007 | ||
| 100 | _aडांगळे अर्जुन. | ||
| 245 | _aही बांधावरची माणसं. | ||
| 260 | _b--- | ||
| 260 | _c0 | ||
| 300 | _a0 | ||
| 600 | _aडांगळे अर्जुन. | ||
| 630 | _aही बांधावरची माणसं. | ||
| 700 | _aडांगळे अर्जुन. | ||
| 730 | _aही बांधावरची माणसं. | ||
| 942 | _cBOOK | ||
| 999 |
_c1298968 _d1298965 |
||